Azərbaycanda bağlanan banklar - Statistics

General Stats
  • This quiz has been taken 6 times
  • The average score is 3 of 23
Answer Stats
Banklar % Correct
21 Günay Bank
67%
22 Muğanbank
50%
1 Royal Bank
33%
16 AGBank
17%
10 Bank of Azerbaijan
17%
13 Deka Bank
17%
15 Dəmir Bank
17%
23 Naxçıvanbank
17%
8 Zamin Bank
17%
17 Amrahbank
0%
18 AtaBank
0%
14 Atrabank
0%
2 Azərbaycan Kredit Bankı
0%
4 Bank Standard
0%
3 Euro Bank
0%
5 Gəncə Bank
0%
9 Kredo Bank
0%
19 NBCBank
0%
20 Pakistan Mərkəzi Bankı
0%
11 Para Bank
0%
6 Qafqaz İnkişaf Bankı
0%
12 Texnika Bank
0%
7 United Kredit Bank
0%
No matching quizzes found
Score Distribution
Percent of People with Each Score
Percentile by Number Answered
Your Score History
You have not taken this quiz